Pueblo enfermo (Record no. 25391)

MARC details
000 -LEADER
campo de control de longitud fija 00629nam a2200181 i 4500
001 - NÚMERO DE CONTROL
campo de control 25391
003 - IDENTIFICADOR DE NÚMERO DE CONTROL
campo de control ES-MaACL
005 - FECHA Y HORA DE LA ÚLTIMA TRANSACCIÓN
campo de control 20250407063101.0
007 - CAMPO FIJO DE DESCRIPCIÓN FÍSICA--INFORMACIÓN GENERAL
campo de control de longitud fija t|
008 - DATOS DE LONGITUD FIJA--INFORMACIÓN GENERAL
campo de control de longitud fija 021226s1909 sp ||||1| spa d
100 1# - ENTRADA PRINCIPAL--NOMBRE DE PERSONA
Nombre de persona Arguedas, Alcides,
Fechas asociadas al nombre 1879-1946
9 (RLIN) 22706
245 10 - MENCIÓN DEL TÍTULO
Título Pueblo enfermo
Resto del título : contribución a la psicología de los pueblos hispano-americanos /
Mención de responsabilidad, etc. Alcides Arguedas : carta-prólogo de Ramiro de Maeztu.
260 ## - PUBLICACIÓN, DISTRIBUCIÓN, ETC.
Lugar de publicación, distribución, etc. Barcelona :
Nombre del editor, distribuidor, etc. [s.n.,
Fecha de publicación, distribución, etc. 1909] (
Fabricante Vda. de L. Zarro)
300 ## - DESCRIPCIÓN FÍSICA
Extensión 255 p. ;
Dimensiones 20 cm.
700 1# - ENTRADA AGREGADA--NOMBRE PERSONAL
Nombre de persona Maeztu, Ramiro de,
Fechas asociadas al nombre 1875-1936
9 (RLIN) 75421
852 ## - LOCALIZACIÓN
Ubicación ES-MaACL
Número de control de estantería G-7608
Holdings
Estatus retirado Estado de pérdida Estado de daño No para préstamo Biblioteca de origen Biblioteca actual Ubicación en estantería Fecha de adquisición Fuente de adquisición Total de préstamos Signatura topográfica completa Código de barras Visto por última vez Precio de reemplazo Tipo de ítem Koha
        Biblioteca del Ateneo de Madrid Biblioteca del Ateneo de Madrid Sala Pecera Planta 3 17/01/2008     G-7608 1026177 23/02/2023 23/02/2023 Libro impreso